Φορτώνει......
Ekaakikalude thaazhvara
| Κύριος συγγραφέας: | |
|---|---|
| Μορφή: | Printed Book |
| Έκδοση: |
Kottayam, NBS
1979
|
| LEADER | 003690000a22001210004500 | ||
|---|---|---|---|
| 040 | |a MAL | ||
| 082 | |a A2 ABR1/E L9 | ||
| 100 | |a Abraham, T M | ||
| 245 | |a Ekaakikalude thaazhvara | ||
| 260 | |a Kottayam, NBS | ||
| 260 | |c 1979 | ||
| 999 | |c 20928 |d 20928 | ||
| 952 | |0 0 |1 0 |4 0 |6 A_000000000000000_2_ABR1E_L9 |7 0 |8 MAL |9 20744 |a MGUL |b MGUL |d 2013-07-16 |l 0 |o A2 ABR1/E L9 |p 18439 |r 2013-07-16 |w 2013-07-16 |y BK | ||